Statistics for ODI Cricket Record Batsman & Bowlers

Click here to take the quiz!

General Stats

  • This quiz has been taken 8 times
  • The average score is 24 of 40

Answer Stats

runs/wicketscountryplayer% Correct
11,739PakistanInzamam-ul-Haq
100%
9825IndiaRohit Sharma
100%
273South AfricaJacques Kallis
88%
11,579South AfricaJacques Kallis
88%
14,234Sri LankaKumar Sangakkara
88%
12,650Sri LankaMahela Jayawardene
88%
13,704AustraliaRicky Ponting
88%
18,426IndiaSachin Tendulkar
88%
12,898IndiaVirat Kohli
88%
9577South AfricaAB de Villiers
75%
10,773IndiaMS Dhoni
75%
534Sri LankaMuttiah Muralitharan
75%
323Sri LankaSanath Jayasuriya
75%
293AustraliaShane Warne
75%
502PakistanWasim Akram
75%
272South AfricaAllan Donald
63%
380AustraliaBrett Lee
63%
10,405West IndiesBrian Lara
63%
10,889IndiaRahul Dravid
63%
395PakistanShahid Afridi
63%
416PakistanWaqar Younis
63%
282IndiaZaheer Khan
63%
9619AustraliaAdam Gilchrist
50%
337IndiaAnil Kumble
50%
400Sri LankaChaminda Vaas
50%
305New ZealandDaniel Vettori
50%
381AustraliaGlenn McGrath
50%
338Sri LankaLasith Malinga
50%
301BangladeshShakib Al Hasan
50%
393South AfricaShaun Pollock
50%
10,290Sri LankaTillakaratne Dilshan
50%
10,480West IndiesChris Gayle
38%
315IndiaJavagal Srinath
38%
9820PakistanMohammad Yousuf
38%
288PakistanSaqlain Mushtaq
38%
9284Sri LankaAravinda de Silva
25%
9378IndiaMohammad Azharuddin
25%
288IndiaAjit Agarkar
13%
13,430Sri LankaSanath Jayasuriya
13%
11,363IndiaSourav Ganguly
13%

Score Distribution

Percentile by Number Answered

Percent of People with Each Score

Your Score History

You have not taken this quiz